| 000 | 00653nam a2200193Ia 4500 | ||
|---|---|---|---|
| 003 | GCL | ||
| 008 | 140319s9999 xx 000 0 ara d | ||
| 040 |
_aGCL / _cGCL |
||
| 082 | 0 | 4 |
_a944.05 _bع ن |
| 100 | 1 | _aعلى شعيب (مراجع) | |
| 245 | 1 | 0 |
_aنابليون بونابرت / _cعلى شعيب (مراجع) |
| 260 |
_aبيروت : _bدار الفكر اللبنانى ، _c1997 |
||
| 300 |
_a93 ص ؛ _c19 سم |
||
| 490 |
_aاحداث ومشاهير عالمية _v0 |
||
| 650 | 0 | 4 | _aنابليون بونابرت |
| 650 | 0 | 4 | _aفرنسا , تاريخ , العصر الحديث |
| 650 | 0 | 4 | _aالقادة - تراجم |
| 942 |
_2ddc _cBK |
||
| 999 |
_c51780 _d51780 |
||